<?xml version="1.0" encoding="UTF-8"?><?xml-stylesheet type="text/xsl" href="static/style.xsl"?><OAI-PMH xmlns="http://www.openarchives.org/OAI/2.0/" xmlns:xsi="http://www.w3.org/2001/XMLSchema-instance" xsi:schemaLocation="http://www.openarchives.org/OAI/2.0/ http://www.openarchives.org/OAI/2.0/OAI-PMH.xsd"><responseDate>2026-06-01T04:18:26Z</responseDate><request verb="GetRecord" identifier="oai:riuma.uma.es:10630/38467" metadataPrefix="marc">https://riuma.uma.es/rest/oai/request</request><GetRecord><record><header><identifier>oai:riuma.uma.es:10630/38467</identifier><datestamp>2026-02-03T12:18:17Z</datestamp><setSpec>com_10630_2254</setSpec><setSpec>col_10630_37959</setSpec></header><metadata><record xmlns="http://www.loc.gov/MARC21/slim" xmlns:dcterms="http://purl.org/dc/terms/" xmlns:doc="http://www.lyncode.com/xoai" xmlns:xsi="http://www.w3.org/2001/XMLSchema-instance" xsi:schemaLocation="http://www.loc.gov/MARC21/slim http://www.loc.gov/standards/marcxml/schema/MARC21slim.xsd">
   <leader>00925njm 22002777a 4500</leader>
   <datafield ind2=" " ind1=" " tag="042">
      <subfield code="a">dc</subfield>
   </datafield>
   <datafield ind2=" " ind1=" " tag="720">
      <subfield code="a">Cruz Gambero, Leire</subfield>
      <subfield code="e">author</subfield>
   </datafield>
   <datafield ind2=" " ind1=" " tag="720">
      <subfield code="a">Villalobos-García, Atenea</subfield>
      <subfield code="e">author</subfield>
   </datafield>
   <datafield ind2=" " ind1=" " tag="720">
      <subfield code="a">Cantero-Téllez, Raquel</subfield>
      <subfield code="e">author</subfield>
   </datafield>
   <datafield ind2=" " ind1=" " tag="260">
      <subfield code="c">2025</subfield>
   </datafield>
   <datafield ind2=" " ind1=" " tag="520">
      <subfield code="a">Introducción: El dolor de hombro es un problema frecuente tras la inmovilización de la muñeca y la mano. Existe poca evidencia sobre la relación entre la kinesiophobia o la catastrofización del dolor con la discapacidad en el hombro después de una lesión en la muñeca o mano.&#xd;
&#xd;
Objetivo: Examinar las asociaciones entre la kinesiophobia y la catastrofización del dolor con la discapacidad persistente del hombro ipsilateral a los 6 meses en pacientes con lesiones de muñeca y mano.&#xd;
&#xd;
Métodos: Se incluyeron participantes mayores de 18 años derivados a terapia de mano tras una lesión que requirió inmovilización. Completaron la Escala Numérica de Dolor, el Índice de Dolor y Discapacidad del Hombro, la Escala de Catastrofización del Dolor (PCS) y la Escala de Kinesiophobia de Tampa (TSK) al inicio, tras la inmovilización y a los 6 meses.&#xd;
&#xd;
Resultados: Participaron 107 pacientes; el 45,8% presentó fracturas de escafoides y el 54,2% fracturas de radio distal. Por cada semana adicional de inmovilización, el puntaje del Índice de Dolor y Discapacidad del Hombro aumentó 10,2 puntos (IC 95% [6,76, 13,57]). Los puntajes iniciales de TSK y PCS (17,4 y 14,8) disminuyeron a 11,2 y 9,3, respectivamente, en el seguimiento. La inclusión de TSK y PCS en el modelo predictivo incrementó significativamente R² en 0,163 (F(2,100) = 47,471, p &lt; 0,001).&#xd;
&#xd;
Conclusiones: La duración de la inmovilización de la muñeca juega un papel importante en la discapacidad de hombro experimentada a los 6 meses de la lesión. Esta discapacidad también puede verse influenciada por factores como la kinesiofobia.</subfield>
   </datafield>
   <datafield ind1="8" ind2=" " tag="024">
      <subfield code="a">978-84-09-69539-3</subfield>
   </datafield>
   <datafield ind1="8" ind2=" " tag="024">
      <subfield code="a">https://hdl.handle.net/10630/38467</subfield>
   </datafield>
   <datafield tag="653" ind2=" " ind1=" ">
      <subfield code="a">Hombro doloroso</subfield>
   </datafield>
   <datafield tag="653" ind2=" " ind1=" ">
      <subfield code="a">Muñecas (Anatomía) - Lesiones y heridas</subfield>
   </datafield>
   <datafield ind2="0" ind1="0" tag="245">
      <subfield code="a">Influencia de los factores psicológicos e inmovilización de muñeca en la discapacidad de hombro.</subfield>
   </datafield>
</record>
</metadata></record></GetRecord></OAI-PMH>